000 00319nam a22001217a 4500
008 171003b xxu||||| |||| 00| 0 eng d
041 _aeng
080 _a159.9
100 _a48
101 _aPSI
245 _aPOST-TRAUMATIC STRESS DISORDER: PSYCHOLOGICAL AND BIOLOGICAL SEQUELALE
_cVAN DER KOLK, B.A
942 _2udc
_cBK
999 _c31358
_d31358